000 00925nam a2200253Ia 4500
999 _c53916
_d53916
001 20967
003 GE_BSU
005 20210630174304.0
008 181216s2016||||us |||||||||||||| ||und||
020 _a9789385915482
040 _cGE_BSU
080 _a611(084.4) BD-13
245 _aBD Chaurasia's Human Anatomy Regional and Applied Dissection and Clinical :
_bVolume. 3 Head-Neck Neck /
_cChief Editor Krishna Garg.
250 _aSeventh edition
264 _aNew Delhi :
_bCBS Publishers &Distributors Pvt Ltd,
_c2016.
300 _a328 p. :
_bill. col. ;
_c28 cm.
_e+1CD-Rom Volume 3
541 _h89gel. 25t.
653 _aBD Chaurasia's Human Anatomy Regional and Applied Dissection and Clinical
653 _aადამიანის ანატომია
653 _aანატომია
653 _aმედიცინა
700 _aGarg, Krishna
_eChief Editor
_99472
942 _cBK
_2udc